Dietary intake of persons 1-74 years of age in the United States /

Bibliographic Details
Corporate Author: National Center for Health Statistics (U.S.)
Other Authors: Abraham, Sidney
Format: Government Document eBook
Language:English
Published: [Rockville, Md.] : U.S. Dept. of Health, Education, and Welfare, Public Health Service, Health Resources Administration, [1977]
Series:Advance data from vital and health statistics of the National Center for Health Statistics ; no. 6.
Subjects:
Online Access:https://purl.fdlp.gov/GPO/gpo31139

MARC

Tag First Indicator Second Indicator Subfields
LEADER 00000cam a2200000 a 4500
001 in00002787735
005 20211120170412.0
006 m o d f
007 cr bn|||||||||
008 121114s1977 mdu obs f000 0 eng c
035 |a (OCoLC)ocn817871377 
040 |a GPO  |c GPO  |d MvI  |d UtOrBLW 
042 |a pcc 
043 |a n-us--- 
049 |a WWW 
074 |a 0500-E (online) 
086 0 |a HE 20.6209/3:6 
245 0 0 |a Dietary intake of persons 1-74 years of age in the United States /  |c [prepared by Sidney Abraham [and others]]. 
264 1 |a [Rockville, Md.] :  |b U.S. Dept. of Health, Education, and Welfare, Public Health Service, Health Resources Administration,  |c [1977] 
300 |a 1 online resource (7 pages). 
336 |a text  |b txt  |2 rdacontent 
337 |a computer  |b c  |2 rdamedia 
338 |a online resource  |b cr  |2 rdacarrier 
490 1 |a Advancedata from vital & health statistics of the National Center for Health Statistics ;  |v no. 6 
500 |a Title from PDF title screen (viewed Nov. 13, 2012). 
500 |a "March 30, 1977." 
504 |a Includes bibliographical references (page 10). 
500 |a Electronic resource. 
650 0 |a Health surveys  |z United States. 
650 0 |a Nutrition  |z United States  |v Statistics. 
700 1 |a Abraham, Sidney. 
710 2 |a National Center for Health Statistics (U.S.) 
776 0 8 |i Print version:  |t Dietary intake of persons 1-74 years of age in the United States  |w (OCoLC)23361945 
830 0 |a Advance data from vital and health statistics of the National Center for Health Statistics ;  |v no. 6. 
856 4 0 |u https://purl.fdlp.gov/GPO/gpo31139  |t 0 
999 |a MARS 
999 f f |s dfe706f2-5b96-3400-9a89-66b0173923d2  |i 38918ee9-93c1-3ba2-81f2-9b71427beed0  |t 0 
952 f f |a Texas A&M University  |b College Station  |c Electronic Resources  |d Available Online  |t 0  |e HE 20.6209/3:6  |h Superintendent of Documents classification 
998 f f |a HE 20.6209/3:6  |t 0  |l Available Online